| 000 | 00583nam a2200169 4500 | ||
|---|---|---|---|
| 001 | 121395 | ||
| 003 | ES-MaACL | ||
| 005 | 20230906191739.0 | ||
| 007 | t| | ||
| 008 | 070214s1939 sp r ||||1| spa d | ||
| 100 | 1 |
_aPla Cargol, Joaquín. _992486 |
|
| 245 | 1 | 3 |
_aEl Greco y Toledo _b: (vida de Doménico Theotocópulos : ensayo sobre una interpretación de su pintura y glosa del Imperial Ciudad) / _cJoaquín Pla Cargol. |
| 250 | _a6ª ed. | ||
| 260 |
_aGerona : _bDalmáu Carles, _c1939. |
||
| 300 |
_a92 p., 10 lám. : _bil. ; _c19 cm. |
||
| 852 |
_aES-MaACL _jA-5366 _bR.18776 |
||
| 999 |
_c121395 _d121395 |
||